000
00276nam a22001337a 4500
020
_a
0-7214-0964-4
082
_a
823
_b
DAL/W
100
_a
DALY, AUDREY
245
_a
WELL LOVED CAROLS
260
_a
UK
_b
LADY BIRD
300
_a
43
650
_a
ENGLISH RHYMES
_z
UK
942
_c
BK
999
_c
1724
_d
1724